000 00627nam a2200229 i 4500
001 C2-0309954
003 PPAK
005 20180728101145.0
008 110606s1999 my a|||| ||||| | may d
040 _aPPAK
_beng
_cPPAK
_erda
082 0 4 _a899.23
_223
090 0 0 _a899.23
_bSHA
_dKMI
100 0 _aShahnon Ahmad,
_eauthor
245 1 0 _aMahaMaha
264 1 _aGombak, Selangor :
_bPustaka Jiwa Merdeka ,
_c1999
300 _axix, 157 pages :
_billustrations ;
_c19 cm
336 _2rdacontent
_atext
337 _2rdamedia
_aunmediated
338 _2rdacarrier
_avolume
650 1 0 _aMalay literature
942 _ddc
_cB
999 _c112471
_d112471